South Eastern Kenya University

Library Online Public Access Catalogue


The confirmation / (Record no. 13119)

MARC details
000 -LEADER
fixed length control field 01018cam a2200265 a 4500
001 - CONTROL NUMBER
control field 11794353
003 - CONTROL NUMBER IDENTIFIER
control field OSt
005 - DATE AND TIME OF LATEST TRANSACTION
control field 20160428151619.0
008 - FIXED-LENGTH DATA ELEMENTS--GENERAL INFORMATION
fixed length control field 990923s2000 nyu 000 1 eng
010 ## - LIBRARY OF CONGRESS CONTROL NUMBER
LC control number 99049237
020 ## - INTERNATIONAL STANDARD BOOK NUMBER
International Standard Book Number 0375400206
040 ## - CATALOGING SOURCE
Original cataloging agency SEKU
050 00 - LIBRARY OF CONGRESS CALL NUMBER
Classification number PS 3566.O96
Item number P66
082 00 - DEWEY DECIMAL CLASSIFICATION NUMBER
Classification number 813/.54
Edition number 21
100 1# - MAIN ENTRY--PERSONAL NAME
Personal name Powers, Thomas,
Dates associated with a name 1940 December 12-
245 14 - TITLE STATEMENT
Title The confirmation /
Statement of responsibility, etc. Thomas Powers.
260 ## - PUBLICATION, DISTRIBUTION, ETC. (IMPRINT)
Place of publication, distribution, etc. New York :
Name of publisher, distributor, etc. Alfred A. Knopf ,
Date of publication, distribution, etc. 2000.
300 ## - PHYSICAL DESCRIPTION
Extent 413 p.
650 ## - SUBJECT ADDED ENTRY--TOPICAL TERM
Topical term or geographic name as entry element Fiction
856 42 - ELECTRONIC LOCATION AND ACCESS
Materials specified Contributor biographical information
Uniform Resource Identifier <a href="http://www.loc.gov/catdir/bios/random059/99049237.html">http://www.loc.gov/catdir/bios/random059/99049237.html</a>
856 41 - ELECTRONIC LOCATION AND ACCESS
Materials specified Sample text
Uniform Resource Identifier <a href="http://www.loc.gov/catdir/samples/random041/99049237.html">http://www.loc.gov/catdir/samples/random041/99049237.html</a>
856 42 - ELECTRONIC LOCATION AND ACCESS
Materials specified Publisher description
Uniform Resource Identifier <a href="http://www.loc.gov/catdir/description/random041/99049237.html">http://www.loc.gov/catdir/description/random041/99049237.html</a>
942 ## - ADDED ENTRY ELEMENTS (KOHA)
Source of classification or shelving scheme Library of Congress Classification
Koha item type General circulation
Holdings
Withdrawn status Lost status Source of classification or shelving scheme Damaged status Not for loan Home library Current library Shelving location Date acquired Source of acquisition Total Checkouts Full call number Barcode Date last seen Date last checked out Price effective from Koha item type Public note
    Library of Congress Classification     Main Campus Library Main Campus Library General Stacks 28/04/2016 Donation - Books for Africa 1 PS 3566.O96 P66 2016/014588 04/12/2025 14/10/2024 28/04/2016 General circulation JCL
Kitui, Kenya.
+254736116989
library@seku.ac.ke